000 00409nam a2200157Ia 4500
008 160316s2005 xxu||||| |||| 00| 0 eng d
082 _a341.763000
_bSER
100 _aServais Jean-Michael
245 _aInternational labour law
250 _a
260 _aThe Hague
_bKluwer Law International
_c2005
300 _a346p
_b
_c
365 _bRs.4,812
650 _a1.Labour Law - International
700 _a
_a
999 _c23636
_d23636